000 00753nam a2200217Ii 4500
003 JO-AjNU
008 230605s9999||||xx |||||||||||||| ||und||
017 _a1998/4816
020 _a977-01-5643-4
040 _aJO-AjNU
_bara
_erda
_cJO-AjNU
041 _aara
050 1 4 _aPJ7824.A39.Z86 1998
100 3 _aتأليف فتح الله، رانيا,
_eauthor
_945429
245 0 0 _aالإتجاه الملحمي في مسرح ألفريد فرج
264 3 1 _aالقاهرة:الهيئة المصرية العامة للكتاب،1998
300 _a227ص
336 _atext
_btxt
_2rdacontent
337 _aunmediated
_bn
_2rdamedia
338 _avolume
_bnc
_2rdacarrier
650 4 _aالأدب العربي - مسرح - تاريخ ونقد
_945430
999 _aA19692
_c23260
_d23260